Host countries of the Rugby World Cup. - Statistics

General Stats
  • This quiz has been taken 176 times
    38 since last reset
  • The average score is 8 of 9
Answer Stats
Year Host Country % Correct
2011 Flag_of_New_Zealand.svg New Zealand
100%
2003 | 2027 Flag_of_Australia_%28converted%29.svg Australia
100%
1987 Flag_of_Australia_%28converted%29.svg Australia Flag_of_New_Zealand.svg New Zealand
100%
1995 Flag_of_South_Africa.svg South Africa
100%
1991 | 2015 Flag_of_England.svg England
100%
2031 Flag_of_the_United_States.svg United States
92%
2007 | 2023 8.webp France
92%
2019 Flag_of_Japan.svg Japan
83%
1999 0b677ce993-450.webp Wales
81%
No matching quizzes found
Score Distribution
Percent of People with Each Score
Percentile by Number Answered
Your Score History
You have not taken this quiz since the last reset